| 000 | 00618nam a22001575i 4500 | ||
|---|---|---|---|
| 001 | 166639 | ||
| 003 | ES-MaACL | ||
| 005 | 20230906213355.0 | ||
| 008 | 000216s1895 sp |||| | spa d | ||
| 040 |
_aCCPB | B _bspa _cCCPB | B |
||
| 100 | 1 |
_aTrigueros y González, Mariano. _9133378 |
|
| 245 | 1 | 0 |
_aDe la liviandad á el claustro / _cpoema tradicional de Mariano Trigueros y Gonzalez. |
| 260 |
_aCarmona : _bAdolfo Vergara, editor, _c1895 ( _fimprenta de Bernabé Fernández) |
||
| 300 |
_a78 p. ; _c21 cm. |
||
| 852 |
_aES-MaACL _jT-863-F-5 _z-- Enc. hol., conservando la cub. original _z-- Enc. en un vol. facticio |
||
| 999 |
_c166639 _d166639 |
||